[Event "Prva liga Centralne Srbije"]
[Site "Golubac"]
[Date "2008.09.22"]
[Round "5.1"]
[White "Markovic, Zoran S"]
[Black "Ilincic, Zlatko"]
[Result "1/2-1/2"]
[WhiteElo "2384"]
[BlackElo "2519"]
[PlyCount "92"]
[EventDate "2008.09.20"]

1. e4 e5 2. Nf3 Nf6 3. Nxe5 d6 4. Nf3 Nxe4 5. d4 d5 6. Bd3 Nd6 7. O-O Be7 8.
Re1 O-O 9. Bf4 Re8 10. Nbd2 Nd7 11. c3 Nf8 12. Qc2 g6 13. Re2 Ne6 14. Bg3 Ng7
15. h3 Ndf5 16. Be5 c6 17. Nf1 a5 18. a4 Be6 19. Rae1 Nd6 20. Ne3 Qd7 21. b3 b5
22. Nh2 f6 23. Bf4 f5 24. Nf3 Ne4 25. Ne5 Qb7 26. f3 Nh5 27. Bh2 Neg3 28. Rd2
Bg5 29. Rdd1 Bf4 30. Nf1 Bd7 31. Nxg3 Bxg3 32. Bxg3 Nxg3 33. Qd2 Nh5 34. Qg5
Ng7 35. Bc2 bxa4 36. bxa4 Qc7 37. Qf6 Be6 38. Nd3 Bf7 39. Re5 Re6 40. Rxe6 Nxe6
41. Re1 Re8 42. Kf2 c5 43. Nxc5 Nxc5 44. Rxe8+ Bxe8 45. dxc5 Qxc5+ 46. Qd4
Qxd4+ 1/2-1/2

[Event "Prva liga Centralne Srbije"]
[Site "Golubac"]
[Date "2008.09.22"]
[Round "5.1"]
[White "Stojanovic, Dalibor"]
[Black "Brankovic, Dejan"]
[Result "1-0"]
[WhiteElo "2450"]
[BlackElo "2398"]
[PlyCount "71"]
[EventDate "2008.09.20"]

1. e4 c5 2. Nf3 d6 3. d4 cxd4 4. Nxd4 Nf6 5. Nc3 g6 6. Be3 Bg7 7. f3 Nc6 8. Qd2
O-O 9. O-O-O d5 10. exd5 Nxd5 11. Nxc6 bxc6 12. Bd4 e5 13. Bc5 Be6 14. Ne4 Rb8
15. Bc4 h6 16. g4 Qc7 17. g5 hxg5 18. h4 gxh4 19. Rxh4 f6 20. Bxf8 Rxf8 21. Nc5
Bf7 22. Rdh1 Re8 23. Ne4 f5 24. Ng5 e4 25. fxe4 fxe4 26. Nxe4 Qe5 27. c3 Be6
28. Qh2 Qxh2 29. R1xh2 Bf5 30. Nd6 Re1+ 31. Kd2 Rb1 32. Nxf5 Rxb2+ 33. Kd3 Rxh2
34. Rxh2 gxf5 35. Bxd5+ cxd5 36. Rf2 1-0

[Event "Prva liga Centralne Srbije"]
[Site "Golubac"]
[Date "2008.09.22"]
[Round "5.1"]
[White "Panic, Nenad"]
[Black "Milanovic, Danilo"]
[Result "0-1"]
[WhiteElo "2360"]
[BlackElo "2529"]
[PlyCount "50"]
[EventDate "2008.09.20"]

1. e4 c5 2. Nf3 Nc6 3. Bb5 e6 4. O-O Nge7 5. Re1 Nd4 6. Nxd4 cxd4 7. c3 Nc6 8.
Qa4 Bc5 9. b4 Bb6 10. c4 O-O 11. d3 Nxb4 12. Qxb4 Ba5 13. Qd6 Bxe1 14. Qxd4 a6
15. Ba4 Qa5 16. Bb2 f6 17. Bb3 Bb4 18. Qe3 e5 19. d4 exd4 20. Bxd4 d6 21. e5
Bc5 22. exf6 Bxd4 23. c5+ Be6 24. Qxe6+ Kh8 25. Na3 Rxf6 0-1

[Event "Prva liga Centralne Srbije"]
[Site "Golubac"]
[Date "2008.09.22"]
[Round "5.1"]
[White "Pap, Misa"]
[Black "Organdziev, Oliver"]
[Result "1/2-1/2"]
[WhiteElo "2495"]
[BlackElo "2274"]
[PlyCount "60"]
[EventDate "2008.09.20"]

1. e4 e6 2. d4 d5 3. exd5 exd5 4. c4 Nf6 5. Nc3 c6 6. Bd3 Be7 7. Nge2 dxc4 8.
Bxc4 O-O 9. O-O Nbd7 10. Ng3 Nb6 11. Bb3 Nbd5 12. Re1 Be6 13. Qf3 Nxc3 14. bxc3
Bxb3 15. axb3 Re8 16. Nf5 Bf8 17. Bg5 Rxe1+ 18. Rxe1 Qd5 19. Bxf6 Qxf3 20. Nh6+
gxh6 21. gxf3 Bg7 22. Bxg7 Kxg7 23. Re7 b5 24. b4 a5 25. bxa5 Rxa5 26. Re5 Ra1+
27. Kg2 b4 28. cxb4 Rb1 29. Rc5 Rxb4 30. Rxc6 Rxd4 1/2-1/2

[Event "Prva liga Centralne Srbije"]
[Site "Golubac"]
[Date "2008.09.22"]
[Round "5.1"]
[White "Stojanovic, Andjelija"]
[Black "Nikolic, Zivoslav"]
[Result "1/2-1/2"]
[WhiteElo "2359"]
[BlackElo "2413"]
[PlyCount "22"]
[EventDate "2008.09.20"]

1. e4 e6 2. d4 d5 3. Nc3 Bb4 4. exd5 exd5 5. Bd3 Nc6 6. a3 Ba5 7. Be3 Nge7 8.
Qf3 Qd7 9. Nge2 Qg4 10. Qxg4 Bxg4 11. f3 Bf5 1/2-1/2

[Event "Prva liga Centralne Srbije"]
[Site "Golubac"]
[Date "2008.09.22"]
[Round "5.1"]
[White "Jovanovic, Bojan V"]
[Black "Zivkovic, Momcilo"]
[Result "1/2-1/2"]
[WhiteElo "2282"]
[BlackElo "2147"]
[PlyCount "101"]
[EventDate "2008.09.20"]

1. d4 d5 2. c4 c6 3. Nf3 Nf6 4. Nc3 dxc4 5. a4 Bf5 6. e3 e6 7. Bxc4 Bb4 8. O-O
h6 9. Qe2 a5 10. e4 Bh7 11. Bd3 O-O 12. Rd1 Re8 13. Bf4 Nbd7 14. Ne5 Nf8 15.
Bc2 Qe7 16. Bg3 Rad8 17. Bh4 c5 18. Ng4 Ng6 19. Bxf6 gxf6 20. e5 fxe5 21. dxe5
Rxd1+ 22. Rxd1 Rd8 23. Bxg6 Bxg6 24. Nxh6+ Kg7 25. Ng4 Rxd1+ 26. Qxd1 Qg5 27.
h3 Qf4 28. g3 Qd4 29. Qc1 Kf8 30. Qh6+ Ke7 31. Qg5+ Kd7 32. Qe3 Bxc3 33. bxc3
Qxe3 34. Nxe3 b5 35. axb5 Bd3 36. Nd1 a4 37. Nb2 Bxb5 38. Nxa4 Bxa4 39. f4 Kc6
40. Kf2 Kd5 41. Ke3 Bc2 42. g4 Bd1 43. Kd3 Bf3 44. c4+ Kc6 45. Ke3 Bg2 46. h4
Kd7 47. h5 Ke7 48. h6 Kf8 49. Kd3 Bf1+ 50. Kc3 Be2 51. g5 1/2-1/2

[Event "Prva liga Centralne Srbije"]
[Site "Golubac"]
[Date "2008.09.22"]
[Round "5.2"]
[White "Savicevic, Vlatko"]
[Black "Petkov, Vladimir"]
[Result "0-1"]
[WhiteElo "2334"]
[BlackElo "2423"]
[PlyCount "84"]
[EventDate "2008.09.20"]

1. e4 e5 2. Nf3 Nc6 3. Bb5 Nf6 4. O-O Nxe4 5. d4 Nd6 6. Bxc6 dxc6 7. dxe5 Nf5
8. Qxd8+ Kxd8 9. Nc3 Ke8 10. h3 b6 11. b3 Ba6 12. Re1 Bb4 13. Bb2 Rd8 14. a3
Bxc3 15. Bxc3 c5 16. b4 Bb7 17. bxc5 Bxf3 18. gxf3 Ke7 19. Re4 Ke6 20. Ra4 Rd5
21. cxb6 axb6 22. Rc4 Rc8 23. a4 c5 24. Rb1 Rc6 25. a5 bxa5 26. Bxa5 Nd4 27. f4
Rd7 28. Kf1 Ra7 29. Bd2 Ra2 30. Rc1 Ra3 31. Rc3 Rxc3 32. Bxc3 Kf5 33. Rd1 Ne6
34. Bd2 Rc7 35. Re1 Ra7 36. Ke2 Nd4+ 37. Kd1 Ra2 38. Bc3 Ne6 39. Kd2 Ra4 40.
Rg1 Rxf4 41. Ke3 Re4+ 42. Kf3 Rc4 0-1

[Event "Prva liga Centralne Srbije"]
[Site "Golubac"]
[Date "2008.09.22"]
[Round "5.2"]
[White "Manic, Jovica"]
[Black "Simic, Dragisa"]
[Result "1/2-1/2"]
[WhiteElo "2263"]
[BlackElo "2334"]
[PlyCount "20"]
[EventDate "2008.09.20"]

1. Nf3 Nf6 2. d4 g6 3. Bg5 Bg7 4. Nbd2 O-O 5. e4 d6 6. c3 Nbd7 7. Bc4 e5 8.
dxe5 dxe5 9. O-O h6 10. Bh4 c6 1/2-1/2

[Event "Prva liga Centralne Srbije"]
[Site "Golubac"]
[Date "2008.09.22"]
[Round "5.2"]
[White "Adzic, Momcilo"]
[Black "Nikolic, Boban"]
[Result "0-1"]
[WhiteElo "2244"]
[BlackElo "2222"]
[PlyCount "76"]
[EventDate "2008.09.20"]

1. e4 d6 2. d4 Nf6 3. Nc3 g6 4. f3 c6 5. Nge2 b5 6. g4 h5 7. g5 Nfd7 8. h4 Nb6
9. Ng3 N8d7 10. Bg2 e5 11. Nce2 Bb7 12. b3 Qc7 13. Bb2 O-O-O 14. Qd3 Bg7 15.
O-O-O d5 16. Kb1 Rhe8 17. c3 a6 18. Rhf1 c5 19. Qc2 Kb8 20. dxc5 Nxc5 21. Rd2
Rd6 22. Qd1 Red8 23. Qc2 f6 24. Rfd1 fxg5 25. hxg5 h4 26. Nf1 dxe4 27. fxe4
Rxd2 28. Rxd2 h3 29. Bf3 Rf8 30. Ne3 Rxf3 31. Nd5 Bxd5 32. exd5 h2 33. Rd1 Qf7
34. d6 Rf1 35. Ng3 Rg1 36. Ba3 Ncd7 37. Bc1 Rxg3 38. Qxh2 Rxc3 0-1

[Event "Prva liga Centralne Srbije"]
[Site "Golubac"]
[Date "2008.09.22"]
[Round "5.3"]
[White "Pavlovic, Dejan S"]
[Black "Dimitrov, Vladimir"]
[Result "1/2-1/2"]
[WhiteElo "2385"]
[BlackElo "2450"]
[PlyCount "44"]
[EventDate "2008.09.20"]

1. e4 c5 2. Nf3 e6 3. d4 cxd4 4. Nxd4 Nc6 5. Nc3 Qc7 6. Be3 a6 7. Qd2 Nf6 8.
O-O-O Bb4 9. f3 Ne5 10. Nb3 b5 11. Qe1 Be7 12. f4 Ng6 13. e5 Ng4 14. Ne4 Nxe3
15. Qxe3 O-O 16. Bd3 Bb7 17. Rhe1 Bd5 18. Kb1 b4 19. h4 Rfb8 20. h5 Nf8 21. Qg3
Kh8 22. Ng5 Kg8 1/2-1/2

[Event "Prva liga Centralne Srbije"]
[Site "Golubac"]
[Date "2008.09.22"]
[Round "5.3"]
[White "Mitrovic, Petar"]
[Black "Radovanovic, Dusan"]
[Result "1/2-1/2"]
[WhiteElo "2366"]
[BlackElo "2350"]
[PlyCount "69"]
[EventDate "2008.09.20"]

1. e4 c5 2. Nf3 Nc6 3. d4 cxd4 4. Nxd4 Nf6 5. Nc3 e5 6. Ndb5 d6 7. Bg5 a6 8.
Na3 b5 9. Nd5 Be7 10. Bxf6 Bxf6 11. c3 O-O 12. Nc2 Rb8 13. h4 Be7 14. g3 a5 15.
a3 Be6 16. Bg2 Qd7 17. O-O Bd8 18. Qd2 Ne7 19. Nce3 Nxd5 20. Nxd5 Kh8 21. Rfd1
f5 22. exf5 Bxf5 23. Ne3 Bc7 24. Nxf5 Qxf5 25. Rf1 b4 26. axb4 axb4 27. cxb4
Bb6 28. Ra3 Bd4 29. Kh2 Qe6 30. Ra5 Qb3 31. Bd5 Qxb4 32. Qxb4 Rxb4 33. b3 Bc5
34. Bc4 Rbb8 35. Ra2 1/2-1/2

[Event "Prva liga Centralne Srbije"]
[Site "Golubac"]
[Date "2008.09.22"]
[Round "5.3"]
[White "Radivojevic, Ivan"]
[Black "Nikolic, Stanimir"]
[Result "1-0"]
[WhiteElo "2366"]
[BlackElo "2291"]
[PlyCount "91"]
[EventDate "2008.09.20"]

1. e4 d6 2. d4 Nf6 3. Nc3 c6 4. a4 Nbd7 5. g3 e5 6. Nge2 Be7 7. Bg2 O-O 8. O-O
b6 9. h3 Ba6 10. Re1 Qc7 11. g4 Rfe8 12. Ng3 Nf8 13. g5 N6d7 14. Nf5 Ng6 15. h4
Bf8 16. h5 exd4 17. hxg6 dxc3 18. gxh7+ Kh8 19. f4 Nc5 20. g6 fxg6 21. Nh4 Kxh7
22. f5 gxf5 23. Qh5+ Kg8 24. Ng6 Re6 25. b4 Nd7 26. Bg5 Rxg6 27. Qxg6 Ne5 28.
Qe6+ Qf7 29. Qxf7+ Nxf7 30. Be3 fxe4 31. b5 Bb7 32. Bxe4 d5 33. Bg2 c5 34. a5
Rd8 35. axb6 axb6 36. Ra7 Bc8 37. Rf1 d4 38. Raxf7 Bd6 39. Bg5 Re8 40. Bd5 Kh7
41. R1f6 Re5 42. Rxd6 Rxg5+ 43. Kf2 Bf5 44. Rf8 g6 45. Rxb6 Rg4 46. Rf7+ 1-0

[Event "Prva liga Centralne Srbije"]
[Site "Golubac"]
[Date "2008.09.22"]
[Round "5.3"]
[White "Milunovic, Toni"]
[Black "Zivkovic, Ivan B"]
[Result "1/2-1/2"]
[WhiteElo "2318"]
[BlackElo "2308"]
[PlyCount "37"]
[EventDate "2008.09.20"]

1. d4 d5 2. Bg5 c6 3. c3 Bf5 4. Nd2 Nd7 5. Ngf3 Ngf6 6. e3 h6 7. Bh4 Qb6 8. Qb3
g5 9. Bg3 Nh5 10. Be2 Nxg3 11. hxg3 Bg7 12. Nh2 h5 13. Nhf3 Bf6 14. Nf1 O-O-O
15. N3d2 g4 16. a4 Qc7 17. c4 e6 18. a5 a6 19. Bd3 1/2-1/2

[Event "Prva liga Centralne Srbije"]
[Site "Golubac"]
[Date "2008.09.22"]
[Round "5.3"]
[White "Dudukovic, Nikola"]
[Black "Tosic, Nebojsa"]
[Result "1-0"]
[WhiteElo "2180"]
[BlackElo "2210"]
[PlyCount "62"]
[EventDate "2008.09.20"]

1. e4 c5 2. Nf3 d6 3. d4 cxd4 4. Nxd4 Nf6 5. Nc3 e6 6. f3 Nc6 7. Be3 d5 8. exd5
Nxd5 9. Nxd5 Qxd5 10. Nxc6 bxc6 11. Qxd5 exd5 12. c4 Be6 13. cxd5 Bxd5 14. Ba6
Bb4+ 15. Kf2 Ba5 16. Rac1 Rb8 17. b3 Bb6 18. Bc4 O-O 19. Bxd5 cxd5 20. Bxb6
Rxb6 21. Rhd1 Rd6 22. Rd4 Rfd8 23. Rc7 R8d7 24. Rc8+ Rd8 25. Rxd8+ Rxd8 26. Ra4
Rd7 27. Ke3 Kf8 28. Kd4 Ke7 29. Ra6 h5 30. h4 f6 31. g3 Kf7 1-0

[Event "Prva liga Centralne Srbije"]
[Site "Golubac"]
[Date "2008.09.22"]
[Round "5.3"]
[White "Rajkovic, Aleksandar"]
[Black "Kolarevic, Darko"]
[Result "1/2-1/2"]
[WhiteElo "2139"]
[BlackElo "2171"]
[PlyCount "58"]
[EventDate "2008.09.20"]

1. e4 c6 2. d4 d5 3. Nc3 dxe4 4. Nxe4 Bf5 5. Ng3 Bg6 6. Nf3 Nd7 7. h4 h6 8. h5
Bh7 9. Bd3 Bxd3 10. Qxd3 Ngf6 11. Bd2 e6 12. O-O-O Qc7 13. Rhe1 O-O-O 14. Qe2
c5 15. Ne5 Nb6 16. dxc5 Bxc5 17. f4 Nbd5 18. Nd3 Bd6 19. Qf3 Kb8 20. Kb1 Rc8
21. Rc1 Nb6 22. Ba5 Ka8 23. Ne4 Nxe4 24. Qxe4 Qc6 25. Qxc6 Rxc6 26. Bxb6 Rxb6
27. Ne5 Bxe5 28. fxe5 Rc6 29. Rcd1 Rc7 1/2-1/2

[Event "Prva liga Centralne Srbije"]
[Site "Golubac"]
[Date "2008.09.22"]
[Round "5.4"]
[White "Petrov, Marijan"]
[Black "Kojovic, Dragan"]
[Result "1/2-1/2"]
[WhiteElo "2490"]
[BlackElo "2414"]
[PlyCount "83"]
[EventDate "2008.09.20"]

1. e4 c6 2. d4 d5 3. Nc3 dxe4 4. Nxe4 Bf5 5. Ng3 Bg6 6. Nf3 Nd7 7. h4 h6 8. h5
Bh7 9. Bd3 Bxd3 10. Qxd3 e6 11. Bd2 Ngf6 12. O-O-O Bd6 13. Ne4 Nxe4 14. Qxe4
Nf6 15. Qe2 Qb6 16. g4 a5 17. c4 Qc7 18. Kb1 Bf4 19. Ne5 Bxd2 20. Rxd2 Nd7 21.
Nxd7 Qxd7 22. d5 cxd5 23. cxd5 O-O 24. Rhd1 exd5 25. Rxd5 Qc6 26. f4 Rfe8 27.
Qd3 Qe6 28. g5 Qe4 29. gxh6 gxh6 30. Rg1+ Kf8 31. Qxe4 Rxe4 32. Rd6 Ra6 33.
Rxa6 bxa6 34. Rc1 Rxf4 35. Rc5 a4 36. Rc6 Kg7 37. Rxa6 Rh4 38. Kc2 f5 39. Kd3
Rh2 40. Rxa4 Rxb2 41. Ra6 Rh2 42. Ke3 1/2-1/2

[Event "Prva liga Centralne Srbije"]
[Site "Golubac"]
[Date "2008.09.22"]
[Round "5.4"]
[White "Solomunovic, Igor"]
[Black "Trifunovic, Miroljub"]
[Result "1-0"]
[WhiteElo "2397"]
[BlackElo "2295"]
[PlyCount "83"]
[EventDate "2008.09.20"]

1. e4 e5 2. Nf3 Nc6 3. Bb5 a6 4. Ba4 Nf6 5. O-O b5 6. Bb3 Bc5 7. c3 d6 8. d4
Bb6 9. Re1 O-O 10. Be3 h6 11. h3 Bb7 12. Nbd2 exd4 13. cxd4 Re8 14. d5 Ne7 15.
Bxb6 cxb6 16. Nf1 Nd7 17. Qd2 Ng6 18. Ng3 Nc5 19. Bc2 a5 20. a3 Bc8 21. b4 Nd7
22. Nd4 axb4 23. axb4 Rxa1 24. Rxa1 Nde5 25. Bd3 Nxd3 26. Qxd3 Nf4 27. Qxb5 Bd7
28. Qf1 Qf6 29. Nc6 h5 30. Ra7 Bc8 31. Ra8 Kh7 32. Qb1 g6 33. Ra7 h4 34. e5 Qg5
35. Rxf7+ Kh6 36. Rxf4 Qxf4 37. Ne2 Qd2 38. Qe4 dxe5 39. Nxe5 Bf5 40. Nf7+ Kg7
41. Qxe8 Qxd5 42. Qe5+ 1-0

[Event "Prva liga Centralne Srbije"]
[Site "Golubac"]
[Date "2008.09.22"]
[Round "5.4"]
[White "Ljubisavljevic, Zivojin Z"]
[Black "Colovic, Dusan"]
[Result "0-1"]
[WhiteElo "2261"]
[BlackElo "2376"]
[PlyCount "70"]
[EventDate "2008.09.20"]

1. d4 d6 2. e4 Nf6 3. Nc3 e5 4. dxe5 dxe5 5. Qxd8+ Kxd8 6. Bg5 Be6 7. O-O-O+
Nbd7 8. Nd5 Bxd5 9. Rxd5 Kc8 10. Bxf6 Nxf6 11. Rxe5 g6 12. g3 c5 13. Bc4 Bd6
14. Rd5 Nxd5 15. Bxd5 f6 16. f4 Kc7 17. Nf3 Rad8 18. c4 Be7 19. h4 a6 20. a4
Rb8 21. Kc2 h6 22. e5 g5 23. exf6 Bxf6 24. hxg5 hxg5 25. Rxh8 Rxh8 26. fxg5 Bg7
27. Nh4 Rh5 28. g6 Rg5 29. Bf7 Rxg3 30. Nf5 Rg2+ 31. Kd3 Bxb2 32. Be8 Kb6 33.
Ne3 Rg1 34. Bf7 Bd4 35. Nd5+ Ka5 0-1

[Event "Prva liga Centralne Srbije"]
[Site "Golubac"]
[Date "2008.09.22"]
[Round "5.4"]
[White "Rabrenovic, Vladan"]
[Black "Rajkovic, Ljubisa"]
[Result "1-0"]
[WhiteElo "2357"]
[BlackElo "2194"]
[PlyCount "67"]
[EventDate "2008.09.20"]

1. d4 Nf6 2. c4 c6 3. Nc3 d5 4. Nf3 e6 5. g3 Bd6 6. Bg2 O-O 7. O-O Nbd7 8. Nd2
Re8 9. e4 dxe4 10. Ndxe4 Be7 11. Qc2 Qa5 12. Rd1 Nxe4 13. Nxe4 Nf6 14. Bf4 Qh5
15. Nc3 e5 16. dxe5 Ng4 17. h3 Nxe5 18. g4 Qg6 19. Be4 Qf6 20. Bxh7+ Kh8 21.
Bxe5 Qxe5 22. Re1 Qf6 23. Bd3 Be6 24. Re3 Red8 25. Rae1 Qd4 26. Bf5 Rf8 27.
Bxe6 fxe6 28. Rxe6 Bh4 29. R1e2 Qxc4 30. R6e5 Bf6 31. Rh5+ Kg8 32. Qh7+ Kf7 33.
Rf5 Qd4 34. g5 1-0

[Event "Prva liga Centralne Srbije"]
[Site "Golubac"]
[Date "2008.09.22"]
[Round "5.4"]
[White "Jakovljevic, Zivota"]
[Black "Irizanin, Radoje"]
[Result "1/2-1/2"]
[WhiteElo "2124"]
[BlackElo "2339"]
[PlyCount "40"]
[EventDate "2008.09.20"]

1. d4 d6 2. c4 e5 3. d5 g6 4. Nc3 Nd7 5. e4 a5 6. Bd3 Bg7 7. Be3 Ne7 8. Qd2 O-O
9. f3 f5 10. O-O-O Nf6 11. h3 c6 12. Nge2 cxd5 13. Nxd5 Nexd5 14. cxd5 Nd7 15.
g4 fxe4 16. fxe4 b6 17. Nc3 Nc5 18. Bb5 Ra7 19. Rdf1 Raf7 20. Rxf7 Rxf7 1/2-1/2

[Event "Prva liga Centralne Srbije"]
[Site "Golubac"]
[Date "2008.09.22"]
[Round "5.6"]
[White "Bojkov, Dejan"]
[Black "Misojcic, Miroslav"]
[Result "1-0"]
[WhiteElo "2498"]
[BlackElo "2221"]
[PlyCount "51"]
[EventDate "2008.09.20"]

1. e4 c5 2. Nf3 Nc6 3. Bb5 g6 4. Bxc6 dxc6 5. d3 Bg7 6. Nc3 Nf6 7. h3 O-O 8.
Be3 b6 9. Qd2 Ne8 10. Bh6 Nc7 11. h4 f6 12. Nh2 Be6 13. Bxg7 Kxg7 14. g4 h6 15.
f4 Bf7 16. f5 g5 17. Nf3 e5 18. O-O-O Rg8 19. Rh3 Kf8 20. Qh2 Ke7 21. hxg5 hxg5
22. Rh7 Qd6 23. d4 cxd4 24. Rxd4 Qc5 25. Rxf7+ Kxf7 26. Rd7+ 1-0

[Event "Prva liga Centralne Srbije"]
[Site "Golubac"]
[Date "2008.09.22"]
[Round "5.6"]
[White "Pantelic, Sasa"]
[Black "Ristic, Nenad"]
[Result "1/2-1/2"]
[WhiteElo "2267"]
[BlackElo "2421"]
[PlyCount "76"]
[EventDate "2008.09.20"]

1. d4 Nf6 2. Nf3 g6 3. g3 Bg7 4. Bg2 O-O 5. O-O d5 6. c4 c6 7. cxd5 cxd5 8. Nc3
Ne4 9. Qb3 Nxc3 10. bxc3 Nc6 11. Nd2 e6 12. Ba3 Re8 13. e3 Na5 14. Qc2 b6 15.
c4 Ba6 16. cxd5 Bxf1 17. Kxf1 exd5 18. Bb4 Rc8 19. Qa4 Nc6 20. Nb1 a5 21. Ba3
Bf8 22. Bxf8 Rxf8 23. Qb3 Ne7 24. Nc3 Qd6 25. Nxd5 Nxd5 26. Bxd5 Rc7 27. h4 Kg7
28. Kg2 f5 29. Rb1 Rf6 30. Qb5 Qd7 31. Qxd7+ Rxd7 32. Ba8 Rc7 33. d5 Rf8 34.
Bc6 Rb8 35. a4 Kf6 36. f4 Ke7 37. Kf3 Kd6 38. h5 Rg7 1/2-1/2

[Event "Prva liga Centralne Srbije"]
[Site "Golubac"]
[Date "2008.09.22"]
[Round "5.6"]
[White "Ristic, Nebojsa M"]
[Black "Urosevic, Zoran"]
[Result "1-0"]
[WhiteElo "2366"]
[BlackElo "2294"]
[PlyCount "71"]
[EventDate "2008.09.20"]

1. g3 g6 2. Bg2 Bg7 3. d4 Nf6 4. e4 d6 5. Nc3 O-O 6. Nge2 c6 7. h3 e5 8. O-O a6
9. a4 Nbd7 10. Be3 a5 11. g4 b6 12. Ng3 Ba6 13. Re1 Qc7 14. Qd2 exd4 15. Bxd4
Rfd8 16. Rad1 Nc5 17. f4 Rab8 18. Qf2 Ne8 19. Bxg7 Kxg7 20. h4 Kg8 21. h5 Qe7
22. g5 Bc8 23. Bf3 Ne6 24. Be2 Nc5 25. Bc4 Bg4 26. hxg6 hxg6 27. Be2 Bxe2 28.
Rxe2 f6 29. gxf6 Qxf6 30. Rf1 Ng7 31. Qe3 Nce6 32. e5 dxe5 33. Nce4 Qe7 34.
fxe5 Ne8 35. Rg2 N6g7 36. Qh6 1-0

[Event "Prva liga Centralne Srbije"]
[Site "Golubac"]
[Date "2008.09.22"]
[Round "5.6"]
[White "Misic, Dragan"]
[Black "Djokic, Nenad"]
[Result "1/2-1/2"]
[WhiteElo "2204"]
[BlackElo "2336"]
[PlyCount "75"]
[EventDate "2008.09.20"]

1. Nf3 c5 2. c4 g6 3. Nc3 Nc6 4. g3 Bg7 5. Bg2 e5 6. d3 Nge7 7. e4 d6 8. h3 O-O
9. O-O a6 10. Be3 Rb8 11. Qd2 b5 12. b3 Bd7 13. Nd5 Nxd5 14. cxd5 Ne7 15. Bh6
b4 16. h4 Kh8 17. Bxg7+ Kxg7 18. Nh2 Ng8 19. f4 f6 20. Rf2 Qe7 21. Raf1 Nh6 22.
f5 gxf5 23. exf5 Nf7 24. Be4 Kh8 25. Rg2 Rg8 26. g4 h6 27. Kh1 Rg7 28. Rfg1
Rbg8 29. Nf3 Rh7 30. Rh2 Rgg7 31. Qc1 Qd8 32. Rg3 Kg8 33. Rhg2 Kf8 34. Kg1 Rh8
35. Nd2 Rhg8 36. Nf3 Bc8 37. Kh2 Bb7 38. Kg1 1/2-1/2

[Event "Prva liga Centralne Srbije"]
[Site "Golubac"]
[Date "2008.09.22"]
[Round "5.6"]
[White "Stankovic, Dragan P"]
[Black "Lazic, Zeljko"]
[Result "1/2-1/2"]
[WhiteElo "2344"]
[BlackElo "2207"]
[PlyCount "54"]
[EventDate "2008.09.20"]

1. c4 g6 2. Nc3 Bg7 3. d4 d6 4. e4 Nc6 5. d5 Nd4 6. Be3 c5 7. Nge2 Nxe2 8. Bxe2
Nf6 9. O-O O-O 10. f4 a6 11. a4 Qc7 12. g4 Nd7 13. h3 Rb8 14. Qd2 Qa5 15. Nd1
Qxd2 16. Bxd2 e6 17. Bc3 exd5 18. Bxg7 Kxg7 19. exd5 Re8 20. Nc3 Nf6 21. Bf3
Bd7 22. g5 Nh5 23. f5 Re5 24. f6+ Kf8 25. h4 Ree8 26. Ra3 Nf4 27. Rb3 Bf5
1/2-1/2

[Event "Prva liga Centralne Srbije"]
[Site "Golubac"]
[Date "2008.09.22"]
[Round "5.6"]
[White "Tomic, Miroslav Lj"]
[Black "Djoric, Dusan"]
[Result "1/2-1/2"]
[WhiteElo "2192"]
[BlackElo "2305"]
[PlyCount "40"]
[EventDate "2008.09.20"]

1. d4 Nf6 2. Nf3 e6 3. Bg5 c5 4. c3 Qb6 5. Qc2 Be7 6. Nbd2 d5 7. e3 Nc6 8. Bd3
h6 9. Bh4 Bd7 10. dxc5 Qxc5 11. e4 Rc8 12. exd5 Nxd5 13. Nb3 Qb6 14. Bxe7 Ncxe7
15. Qd2 Bb5 16. Bxb5+ Qxb5 17. Nfd4 Qc4 18. Nc1 Qc7 19. Nd3 a6 20. O-O O-O
1/2-1/2